[Event "Titled Tuesday intern op 13th July"]
[Site "Chess.com INT"]
[Date "2021.07.13"]
[Round "6"]
[White "Gedgafov, Chamal"]
[Black "Weinstein, Norman"]
[Result "0-1"]
[WhiteElo "2202"]
[BlackElo "2450"]
[PlyCount "130"]
[EventDate "2021.07.13"]
[EventType "swiss (blitz)"]
[EventRounds "11"]
[EventCountry "USA"]
[SourceTitle "CBM 203 Extra"]
[Source "ChessBase"]
[SourceDate "2021.09.30"]
[SourceVersion "1"]
[SourceVersionDate "2021.09.30"]
[SourceQuality "1"]

1. d4 Nf6 2. c4 g6 3. Nc3 Bg7 4. e4 0-0 5. Nf3 d6 6. Be2 c5 7. d5 e6 8. h3 Re8 9. 0-0 Na6 10. Bd3 Nc7 11. Bf4 exd5 12. exd5 Nh5 13. Bh2 f5 14. Qd2 Qf6 15. Rfe1 Bd7 16. Rxe8+ Rxe8 17. Re1 a6 18. a4 Rb8 19. Qe2 Bf8 20. Qe3 Ng7 21. Qg5 Qxg5 22. Nxg5 b5 23. axb5 axb5 24. b3 b4 25. Ne2 h6 26. Nf3 Ra8 27. Nf4 Kf7 28. h4 Ra3 29. Bc2 Ra2 30. Bd1 Nce8 31. h5 g5 32. Ng6 f4 33. Nxf8 Kxf8 34. g3 g4 35. Nh4 f3 36. Nxf3 gxf3 37. Bxf3 Kf7 38. g4 Rb2 39. Re3 Rd2 40. Be2 Rd4 41. f3 Rd2 42. Kf2 Rb2 43. Bf4 Ra2 44. Bxh6 Nf6 45. Bf4 Nge8 46. h6 Nh7 47. Kg3 Nf8 48. Bd3 Rb2 49. Be4 Nf6 50. Bg5 Nxe4+ 51. fxe4 Nh7 52. Bf4 Kg6 53. Bxd6 Kxh6 54. Bxc5 Kg5 55. Bxb4 Nf6 56. e5 Nxg4 57. Re1 Bf5 58. Bc3 Rxb3 59. Rc1 Nxe5 60. Kf2 Nxc4 61. Bd4 Nd6 62. Rc6 Ne4+ 63. Ke2 Rb5 64. d6 Rd5 65. Be3+ Kg4 0-1

[Event "Titled Tuesday intern op 13th July"]
[Site "Chess.com INT"]
[Date "2021.07.13"]
[Round "9"]
[White "Pruijssers, Roeland"]
[Black "Weinstein, Norman"]
[Result "1-0"]
[WhiteElo "2561"]
[BlackElo "2450"]
[PlyCount "117"]
[EventDate "2021.07.13"]
[EventType "swiss (blitz)"]
[EventRounds "11"]
[EventCountry "USA"]
[SourceTitle "CBM 203 Extra"]
[Source "ChessBase"]
[SourceDate "2021.09.30"]
[SourceVersion "1"]
[SourceVersionDate "2021.09.30"]
[SourceQuality "1"]

1. e4 c5 2. Nf3 d6 3. Bd3 Nc6 4. 0-0 Bg4 5. h3 Bh5 6. g4 Bg6 7. c3 e6 8. Bc2 Nf6 9. Re1 Be7 10. d4 0-0 11. a3 Rc8 12. dxc5 dxc5 13. Qe2 h6 14. Bf4 Qb6 15. Ra2 Rfd8 16. Nbd2 a6 17. Nc4 Qa7 18. a4 b6 19. Raa1 Qb7 20. Nce5 Nxe5 21. Nxe5 Bh7 22. f3 b5 23. axb5 axb5 24. Ra5 c4 25. Be3 Ra8 26. Rea1 Rxa5 27. Rxa5 Ra8 28. Rxa8+ Qxa8 29. Qd1 Qb7 30. Qd4 Ne8 31. Qa7 Qxa7 32. Bxa7 Bd6 33. Nc6 f5 34. gxf5 exf5 35. e5 Bc7 36. Bd4 Kf7 37. Na7 Ke6 38. f4 g5 39. Nxb5 Bb8 40. Bd1 gxf4 41. Be2 Bxe5 42. Bxc4+ Kf6 43. Kf2 Bg6 44. Bxe5+ Kxe5 45. Nd4 Nd6 46. Bd3 Ne4+ 47. Ke1 Bh5 48. Nc6+ Kd6 49. Nb4 f3 50. Nc2 Ke5 51. Bxe4 Kxe4 52. Kf2 Kd3 53. Nd4 f4 54. Nxf3 Kc2 55. c4 Kxb2 56. c5 Be8 57. Ne5 Kc3 58. c6 Kd4 59. c7 1-0

[Event "Titled Tuesday intern op 13th July"]
[Site "Chess.com INT"]
[Date "2021.07.13"]
[Round "11"]
[White "Weinstein, Norman"]
[Black "Maiorov, Nikita"]
[Result "1-0"]
[WhiteElo "2450"]
[BlackElo "2462"]
[PlyCount "61"]
[EventDate "2021.07.13"]
[EventType "swiss (blitz)"]
[EventRounds "11"]
[EventCountry "USA"]
[SourceTitle "CBM 203 Extra"]
[Source "ChessBase"]
[SourceDate "2021.09.30"]
[SourceVersion "1"]
[SourceVersionDate "2021.09.30"]
[SourceQuality "1"]

1. e4 e5 2. Nf3 Nc6 3. Bb5 a6 4. Ba4 Nf6 5. 0-0 Be7 6. d4 exd4 7. Re1 b5 8. e5 Nxe5 9. Rxe5 bxa4 10. Nxd4 d6 11. Nc6 dxe5 12. Nxd8 Bxd8 13. Nc3 a3 14. b3 0-0 15. Bxa3 Re8 16. Nd5 Bb7 17. Nxf6+ Bxf6 18. Qe2 Rad8 19. Bb2 h6 20. Rd1 Rxd1+ 21. Qxd1 Rd8 22. Qe2 Bg5 23. h3 f6 24. Bc3 Rd6 25. Qc4+ Rd5 26. h4 Bc1 27. Qxc7 Rd1+ 28. Kh2 Bf4+ 29. Kh3 h5 30. Qd8+ Kh7 31. Qxd1 1-0

[Event "Titled Tuesday intern op 4th Aug 10am"]
[Site "Chess.com INT"]
[Date "2020.08.04"]
[Round "10"]
[White "Moraes, Nelson da Silva"]
[Black "Weinstein, Norman"]
[Result "0-1"]
[WhiteElo "2178"]
[BlackElo "2450"]
[PlyCount "88"]
[EventDate "2020.08.04"]
[EventType "swiss (blitz)"]
[EventRounds "10"]
[EventCountry "USA"]
[SourceTitle "CBM 197 Extra"]
[Source "ChessBase"]
[SourceDate "2020.09.30"]
[SourceVersion "1"]
[SourceVersionDate "2020.09.30"]
[SourceQuality "1"]

1. e4 c5 2. c3 d6 3. d4 Nf6 4. Bd3 cxd4 5. cxd4 Nc6 6. Be3 Ng4 7. Nf3 Nxe3 8. fxe3 g6 9. 0-0 Bh6 10. Qe2 0-0 11. Nc3 Bd7 12. a3 Rc8 13. b4 Nxd4 14. exd4 Rxc3 15. e5 Qc7 16. Rad1 Be6 17. a4 Rc8 18. Be4 Bc4 19. Bd3 Rxd3 20. Rxd3 Qb6 21. b5 Qa5 22. Qc2 Be6 23. Qd1 Rc1 24. Qe2 Rxf1+ 25. Qxf1 Bc4 26. exd6 exd6 27. Qe2 Bxd3 28. Qxd3 Qxa4 29. d5 Qa1+ 30. Kf2 Qf6 31. Qc4 Qd8 32. h3 Bg7 33. Kg3 Bf6 34. Qe4 Kg7 35. Qc4 Qb6 36. Kh2 a6 37. bxa6 bxa6 38. Nd2 Be5+ 39. Kh1 Qe3 40. Nf1 Qe1 41. Kg1 a5 42. g4 Qb4 43. Qd3 a4 44. Nd2 a3 0-1

[Event "Titled Tuesday intern op 4th Aug 10am"]
[Site "Chess.com INT"]
[Date "2020.08.04"]
[Round "5"]
[White "Weinstein, Norman"]
[Black "Garcia Cardenas, Pablo"]
[Result "0-1"]
[WhiteElo "2450"]
[BlackElo "2422"]
[PlyCount "114"]
[EventDate "2020.08.04"]
[EventType "swiss (blitz)"]
[EventRounds "10"]
[EventCountry "USA"]
[SourceTitle "CBM 197 Extra"]
[Source "ChessBase"]
[SourceDate "2020.09.30"]
[SourceVersion "1"]
[SourceVersionDate "2020.09.30"]
[SourceQuality "1"]

1. e4 e5 2. Nf3 Nc6 3. Bb5 a6 4. Ba4 Nf6 5. 0-0 b5 6. Bb3 Bc5 7. a4 Rb8 8. Nc3 d6 9. h3 h6 10. d3 0-0 11. axb5 axb5 12. Be3 Bxe3 13. fxe3 Be6 14. Bxe6 fxe6 15. Ra6 Nb4 16. Ra5 c6 17. Ra1 c5 18. Kh2 Rb7 19. Qd2 Qe8 20. Ne2 Nc6 21. Ra6 Nb4 22. Ra5 Qd8 23. Rfa1 Nh5 24. c3 Nc6 25. Ra6 Qc7 26. Ng3 Nxg3 27. Kxg3 Kh7 28. Kh2 Rf6 29. Ra8 Rb8 30. Rxb8 Nxb8 31. d4 exd4 32. exd4 Nd7 33. Qd3 c4 34. Qc2 e5 35. Qf2 d5 36. Qg3 Rg6 37. Qe1 exd4+ 38. e5 d3 39. Kh1 Re6 40. Ra8 Nxe5 41. Nd4 Rf6 42. Qg3 Qe7 43. Qe1 Ng6 44. Qd1 Qf7 45. Kg1 Qe7 46. Ra1 Qe3+ 47. Kh1 Rf2 48. Qg4 Rf4 49. Qd1 Nh4 50. Qg1 Rf2 51. Nf5 Nxf5 52. Re1 Qf4 53. Rd1 Ng3+ 54. Kh2 Ne2+ 55. Kh1 Nxg1 56. Kxg1 Qg3 57. Rd2 Qxg2# 0-1

[Event "Titled Tuesday intern op 21st July"]
[Site "Chess.com INT"]
[Date "2020.07.21"]
[Round "4"]
[White "Kozionov, Kirill"]
[Black "Weinstein, Norman"]
[Result "1-0"]
[WhiteElo "2470"]
[BlackElo "2450"]
[PlyCount "83"]
[EventDate "2020.07.21"]
[EventType "swiss (blitz)"]
[EventRounds "10"]
[EventCountry "USA"]
[SourceTitle "CBM 197 Extra"]
[Source "ChessBase"]
[SourceDate "2020.09.30"]
[SourceVersion "1"]
[SourceVersionDate "2020.09.30"]
[SourceQuality "1"]

1. b3 Nf6 2. Bb2 g6 3. Bxf6 exf6 4. c4 d5 5. cxd5 Qxd5 6. Nc3 Qd8 7. g3 Bg7 8. Bg2 0-0 9. e3 c5 10. Nge2 Nc6 11. 0-0 Bd7 12. Rc1 Rc8 13. Nf4 f5 14. Qe2 b6 15. Rfd1 Qe7 16. Qa6 Qd6 17. a3 Rfd8 18. Nb5 Qb8 19. h4 Be8 20. Nd5 Kh8 21. b4 cxb4 22. axb4 Ne5 23. d4 Rxc1 24. Rxc1 Nd3 25. Rb1 Bf8 26. Nbc7 Nxb4 27. Rxb4 Bxb4 28. Nxe8 Bf8 29. Nec7 Rc8 30. Nb5 Rc1+ 31. Kh2 Rc2 32. Kg1 Rc1+ 33. Bf1 Qe8 34. Nf4 Qc6 35. Nxa7 Qc2 36. Qe2 Qb1 37. Nb5 Rc2 38. Qd3 Qb2 39. d5 Rxf2 40. Qd4+ Bg7 41. Qxb2 Rxb2 42. d6 1-0

[Event "Titled Tuesday intern op 21st July"]
[Site "Chess.com INT"]
[Date "2020.07.21"]
[Round "6"]
[White "Weinstein, Norman"]
[Black "Caspi, Israel"]
[Result "1-0"]
[WhiteElo "2450"]
[BlackElo "2489"]
[PlyCount "183"]
[EventDate "2020.07.21"]
[EventType "swiss (blitz)"]
[EventRounds "10"]
[EventCountry "USA"]
[SourceTitle "CBM 197 Extra"]
[Source "ChessBase"]
[SourceDate "2020.09.30"]
[SourceVersion "1"]
[SourceVersionDate "2020.09.30"]
[SourceQuality "1"]

1. e4 e5 2. Nf3 Nc6 3. Bb5 g6 4. 0-0 Bg7 5. c3 a6 6. Ba4 b5 7. Bb3 d6 8. d4 exd4 9. cxd4 Bg4 10. Nc3 Nxd4 11. Be3 Bxf3 12. gxf3 Nxb3 13. Qxb3 Ne7 14. a4 c6 15. axb5 axb5 16. Rxa8 Qxa8 17. Rd1 Qb8 18. Qb4 Nc8 19. Bf4 0-0 20. Bxd6 Nxd6 21. Qxd6 Qc8 22. Qd7 Qa6 23. Rd6 b4 24. Nd1 Qe2 25. Kg2 c5 26. Rd2 Qa6 27. Ne3 Bd4 28. Nd5 Qe6 29. Qxe6 fxe6 30. Ne7+ Kf7 31. Nc6 e5 32. Rc2 b3 33. Rd2 g5 34. Kg3 Rc8 35. Nxd4 cxd4 36. Rd3 Rb8 37. h4 h6 38. hxg5 hxg5 39. Kg4 Kg6 40. Rd1 Rc8 41. Rd3 Rb8 42. Rd1 Rb5 43. Rd3 Kf6 44. Rd1 Rb7 45. Rd3 Rb8 46. Rd1 Rh8 47. Rd3 Rh2 48. Kg3 Rh1 49. Rxb3 Rg1+ 50. Kh2 Rb1 51. Rb6+ Ke7 52. Kg3 d3 53. Rb7+ Ke6 54. Rb6+ Kf7 55. Rb7+ Kg6 56. Rb6+ Kh5 57. Rd6 Rxb2 58. Rxd3 Rb1 59. Rd8 Rb5 60. Rf8 Rc5 61. Rf6 Rc1 62. Re6 Rg1+ 63. Kh2 Rf1 64. Rxe5 Rxf2+ 65. Kg3 Ra2 66. Re8 Ra3 67. Rg8 Kh6 68. Rf8 Ra5 69. Rf5 Ra1 70. e5 Kg6 71. Rf6+ Kg7 72. Kg4 Rg1+ 73. Kf5 Re1 74. Rg6+ Kf7 75. Rxg5 Rf1 76. f4 Ke7 77. Rh5 Kf7 78. Rh7+ Kg8 79. Ra7 Rb1 80. Kf6 Rf1 81. f5 Rh1 82. e6 Rh6+ 83. Kg5 Rh1 84. Kf6 Rh6+ 85. Kg5 Rh1 86. f6 Rg1+ 87. Kh4 Rh1+ 88. Kg3 Re1 89. Ra8+ Kh7 90. f7 Rxe6 91. f8Q Rg6+ 92. Kf4 1-0

[Event "Titled Tuesday intern op 14th July"]
[Site "Chess.com INT"]
[Date "2020.07.14"]
[Round "9"]
[White "Weinstein, Norman"]
[Black "Daianu, Cristian Clement"]
[Result "1/2-1/2"]
[WhiteElo "2450"]
[BlackElo "2224"]
[PlyCount "169"]
[EventDate "2020.07.14"]
[EventType "swiss (blitz)"]
[EventRounds "10"]
[EventCountry "USA"]
[SourceTitle "CBM 197 Extra"]
[Source "ChessBase"]
[SourceDate "2020.09.30"]
[SourceVersion "1"]
[SourceVersionDate "2020.09.30"]
[SourceQuality "1"]

1. e4 c5 2. Nf3 d6 3. Nc3 Nf6 4. e5 dxe5 5. Nxe5 Nbd7 6. Nc4 e6 7. g3 a6 8. Bg2 Qc7 9. a4 Be7 10. 0-0 0-0 11. a5 Rb8 12. d3 b6 13. axb6 Nxb6 14. Bf4 Qa7 15. Bxb8 Qxb8 16. Nxb6 Qxb6 17. b3 Bb7 18. Ne4 Rd8 19. Re1 Nd5 20. Qe2 Bf8 21. Qd2 Nb4 22. Nc3 Bxg2 23. Kxg2 Qc6+ 24. f3 g6 25. Rad1 Bg7 26. Ne4 h6 27. Qe2 Nd5 28. c4 Nb4 29. Nf2 Bc3 30. Rf1 Qb7 31. Ng4 Kg7 32. Qe3 g5 33. Nf2 Bd4 34. Qe4 Nc6 35. Rb1 Qc7 36. h4 Bf6 37. hxg5 hxg5 38. Ng4 Nd4 39. Nxf6 Kxf6 40. f4 gxf4 41. Rxf4+ Ke7 42. Rbf1 f5 43. Rxf5 Nxf5 44. Rxf5 Rd4 45. Qe3 Qc6+ 46. Kh2 Qe8 47. Rg5 Qh8+ 48. Kg2 Qh7 49. Re5 Qg6 50. Re4 Rxe4 51. Qxe4 Qg5 52. Qb7+ Kf6 53. Qf3+ Ke7 54. Qf4 Qh5 55. Qc7+ Kf6 56. Qf4+ Ke7 57. g4 Qh4 58. Qc7+ Kf6 59. Qf4+ Ke7 60. Qg3 Qg5 61. Qc7+ Ke8 62. Kf3 Qf6+ 63. Qf4 Qc3 64. Qb8+ Kf7 65. Qc7+ Kf6 66. Qf4+ Ke7 67. Qc7+ Kf6 68. Qxc5 Qxd3+ 69. Qe3 Qd1+ 70. Ke4 Qc2+ 71. Qd3 Qg2+ 72. Kf4 e5+ 73. Ke3 Qg3+ 74. Kd2 Qxg4 75. Qd6+ Kf5 76. Qd7+ Kf4 77. Qxg4+ Kxg4 78. Ke3 Kf5 79. c5 Ke6 80. b4 Kd5 81. Kd3 a5 82. bxa5 Kxc5 83. Ke4 Kb5 84. a6 Kxa6 85. Kxe5 1/2-1/2

[Event "Titled Tuesday intern op 14th July"]
[Site "Chess.com INT"]
[Date "2020.07.14"]
[Round "3"]
[White "Weinstein, Norman"]
[Black "Demchenko, Anton"]
[Result "1-0"]
[WhiteElo "2450"]
[BlackElo "2641"]
[PlyCount "110"]
[EventDate "2020.07.14"]
[EventType "swiss (blitz)"]
[EventRounds "10"]
[EventCountry "USA"]
[SourceTitle "CBM 197 Extra"]
[Source "ChessBase"]
[SourceDate "2020.09.30"]
[SourceVersion "1"]
[SourceVersionDate "2020.09.30"]
[SourceQuality "1"]

1. e4 c6 2. d4 d5 3. exd5 cxd5 4. c4 Nf6 5. Nc3 Nc6 6. Nf3 a6 7. cxd5 Nxd5 8. Bc4 Be6 9. Bb3 Na5 10. Bc2 Nxc3 11. bxc3 Bd5 12. 0-0 e6 13. Ne5 Nc4 14. Bf4 Nxe5 15. Bxe5 Bd6 16. Qh5 Bxe5 17. Qxe5 Qf6 18. Qxf6 gxf6 19. Bb3 Bc6 20. c4 0-0-0 21. Rad1 Rhe8 22. Rfe1 Kc7 23. f3 b5 24. d5 bxc4 25. Bxc4 exd5 26. Rxe8 Rxe8 27. Bxd5 Bxd5 28. Rxd5 Re5 29. Rd2 Kc6 30. Kf2 a5 31. a4 Rc5 32. Rd4 f5 33. Rh4 Kd6 34. Rxh7 Rc2+ 35. Kg3 Rc4 36. Rxf7 Ke6 37. Ra7 Rxa4 38. h4 Ra1 39. Kf4 a4 40. Ra6+ Kd5 41. Kxf5 Kc5 42. g4 Kb5 43. Ra8 Rf1 44. f4 Kb4 45. g5 a3 46. h5 Rc1 47. Kg4 Rc5 48. Re8 a2 49. Re1 Kb3 50. Ra1 Kb2 51. Rxa2+ Kxa2 52. h6 Kb3 53. h7 Rc8 54. g6 Kc4 55. g7 Kd4 1-0

[Event "Titled Tuesday intern op 7th July"]
[Site "Chess.com INT"]
[Date "2020.07.07"]
[Round "2"]
[White "Silva, Kaua Marques"]
[Black "Weinstein, Norman"]
[Result "0-1"]
[WhiteElo "2121"]
[BlackElo "2450"]
[PlyCount "78"]
[EventDate "2020.07.07"]
[EventType "swiss (blitz)"]
[EventRounds "10"]
[EventCountry "USA"]
[SourceTitle "CBM 197 Extra"]
[Source "ChessBase"]
[SourceDate "2020.09.30"]
[SourceVersion "1"]
[SourceVersionDate "2020.09.30"]
[SourceQuality "1"]

1. e4 c5 2. Nf3 d6 3. d4 Nf6 4. Nc3 cxd4 5. Nxd4 Nc6 6. Bg5 e6 7. Qd2 Be7 8. 0-0-0 0-0 9. Kb1 h6 10. Bxf6 Bxf6 11. Ndb5 Qb6 12. f4 Rd8 13. Bc4 Na5 14. Bb3 Be7 15. Rhe1 Nxb3 16. cxb3 a6 17. Na3 Qa7 18. f5 b5 19. Nc2 exf5 20. exf5 Bxf5 21. Ka1 Rac8 22. Nd4 Bg6 23. Qf4 Bg5 24. Qf3 Qa8 25. Nd5 Kh7 26. Nf5 Re8 27. Rf1 Qc6 28. h4 Bd8 29. h5 Bxf5 30. Qxf5+ Kh8 31. Qxf7 Bg5 32. a3 a5 33. Qg6 Rf8 34. Ne7 Bxe7 35. Rfe1 Bf6 36. Ka2 a4 37. bxa4 Qc4+ 38. Ka1 Qb3 39. Qd3 Qxb2# 0-1

[Event "Titled Tuesday intern op 30th June"]
[Site "Chess.com INT"]
[Date "2020.06.30"]
[Round "4"]
[White "Weinstein, Norman"]
[Black "Mgeladze, Tamaz"]
[Result "1-0"]
[WhiteElo "2450"]
[BlackElo "2388"]
[PlyCount "61"]
[EventDate "2020.06.30"]
[EventType "swiss (blitz)"]
[EventRounds "10"]
[EventCountry "USA"]
[SourceTitle "CBM 197 Extra"]
[Source "ChessBase"]
[SourceDate "2020.09.30"]
[SourceVersion "1"]
[SourceVersionDate "2020.09.30"]
[SourceQuality "1"]

1. e4 c5 2. Nf3 g6 3. d4 cxd4 4. Qxd4 Nf6 5. e5 Nc6 6. Qa4 Nd5 7. Qh4 Bg7 8. Bh6 Bxh6 9. Qxh6 Qb6 10. Qc1 Nd4 11. Nbd2 0-0 12. c3 Nxf3+ 13. Nxf3 d6 14. Bc4 Be6 15. 0-0 Rac8 16. Qh6 f6 17. exf6 exf6 18. Bb3 Rce8 19. Rfe1 Nc7 20. Bxe6+ Rxe6 21. Qd2 Rfe8 22. Rxe6 Rxe6 23. h3 d5 24. Rd1 Re4 25. a3 Qe6 26. Nd4 Qe5 27. f3 Re3 28. Kf2 Re4 29. fxe4 dxe4 30. Kg1 Nd5 31. Nf3 1-0

[Event "Titled Tuesday intern op 30th June"]
[Site "Chess.com INT"]
[Date "2020.06.30"]
[Round "10"]
[White "Weinstein, Norman"]
[Black "Ushenina, Anna"]
[Result "1-0"]
[WhiteElo "2450"]
[BlackElo "2416"]
[PlyCount "127"]
[EventDate "2020.06.30"]
[EventType "swiss (blitz)"]
[EventRounds "10"]
[EventCountry "USA"]
[SourceTitle "CBM 197 Extra"]
[Source "ChessBase"]
[SourceDate "2020.09.30"]
[SourceVersion "1"]
[SourceVersionDate "2020.09.30"]
[SourceQuality "1"]

1. e4 c6 2. d4 d5 3. exd5 cxd5 4. c4 Nf6 5. Nc3 g6 6. cxd5 Nxd5 7. Bc4 Nb6 8. Bb3 Bg7 9. Nf3 0-0 10. 0-0 Bg4 11. Be3 Nc6 12. h3 Bxf3 13. Qxf3 Na5 14. Rad1 Nxb3 15. axb3 Qd7 16. d5 Nc8 17. Rfe1 Nd6 18. Bd4 Rfe8 19. Bxg7 Kxg7 20. Rd2 a6 21. Rde2 Rac8 22. h4 Rc7 23. h5 Qf5 24. Qxf5 Nxf5 25. hxg6 hxg6 26. Re4 Kf8 27. g4 Nd6 28. Rb4 b5 29. Ra1 Ra8 30. Kg2 a5 31. Rd4 Raa7 32. Kf3 b4 33. Ne4 Nb5 34. Rc4 Nd6 35. Nxd6 exd6 36. Rxc7 Rxc7 37. Rxa5 Rc2 38. Rb5 Rxb2 39. Rxb4 Ke7 40. g5 Rd2 41. Rb7+ Ke8 42. Rb5 Ke7 43. Ke3 Rd1 44. b4 Kd7 45. Rb7+ Ke8 46. Ke4 Re1+ 47. Kd4 Rd1+ 48. Kc4 Rf1 49. Kb5 Rxf2 50. Kc6 f5 51. gxf6 Rxf6 52. b5 Kf8 53. b6 g5 54. Rd7 Rf1 55. b7 Rb1 56. Rd8+ Kf7 57. b8Q Rxb8 58. Rxb8 g4 59. Kxd6 g3 60. Rb2 g2 61. Rxg2 Kf6 62. Re2 Kf5 63. Kc5 Kf4 64. d6 1-0

[Event "Titled Tuesday intern op 23rd June"]
[Site "Chess.com INT"]
[Date "2020.06.23"]
[Round "10"]
[White "Weinstein, Norman"]
[Black "Okike, David"]
[Result "1-0"]
[WhiteElo "2450"]
[BlackElo "2177"]
[PlyCount "135"]
[EventDate "2020.06.23"]
[EventType "swiss (blitz)"]
[EventRounds "10"]
[EventCountry "USA"]
[SourceTitle "CBM 197 Extra"]
[Source "ChessBase"]
[SourceDate "2020.09.30"]
[SourceVersion "1"]
[SourceVersionDate "2020.09.30"]
[SourceQuality "1"]

1. e4 c5 2. Nf3 Nc6 3. Nc3 Nf6 4. e5 Ng4 5. Qe2 Qc7 6. Nd5 Qb8 7. d4 e6 8. h3 exd5 9. hxg4 cxd4 10. Bf4 b5 11. 0-0-0 Qb6 12. g3 Bb7 13. Qxb5 Bc5 14. Qxb6 Bxb6 15. Bd3 h6 16. a3 0-0-0 17. Kb1 Rde8 18. Rhe1 g5 19. Bd2 Re7 20. Bb5 Rhe8 21. Bxc6 Bxc6 22. Bb4 Re6 23. Bd6 Kd8 24. Rh1 f6 25. Rxh6 fxe5 26. Rxe6 dxe6 27. Bxe5 Rf8 28. Nxd4 Bd7 29. f4 Ke7 30. Rh1 Rf7 31. c3 Ba4 32. Rh6 Bxd4 33. cxd4 Bb3 34. Kc1 Bc4 35. Kd2 Ke8 36. Rxe6+ Kf8 37. Rh6 gxf4 38. gxf4 Ke7 39. g5 Rf8 40. g6 Rg8 41. f5 Kd7 42. f6 Ke6 43. f7 Rf8 44. Bg7 Rxf7 45. gxf7+ Kxf7 46. Be5 a6 47. Rb6 Ke7 48. Kc3 Kd7 49. Kb4 Kc8 50. Kc5 Kd7 51. b3 Bb5 52. a4 Bd3 53. b4 Be4 54. Rxa6 Ke7 55. Rd6 Bf3 56. b5 Bd1 57. b6 Bxa4 58. b7 Be8 59. b8Q Bd7 60. Qc7 Kf8 61. Rxd7 Kg8 62. Kxd5 Kf8 63. Ke4 Kg8 64. d5 Kf8 65. d6 Kg8 66. Re7 Kf8 67. Kf5 Kg8 68. Qd8# 1-0

[Event "Titled Tuesday intern op 23rd June"]
[Site "Chess.com INT"]
[Date "2020.06.23"]
[Round "1"]
[White "Weinstein, Norman"]
[Black "Rian, Kapriaga"]
[Result "1-0"]
[WhiteElo "2450"]
[BlackElo "2126"]
[PlyCount "77"]
[EventDate "2020.06.23"]
[EventType "swiss (blitz)"]
[EventRounds "10"]
[EventCountry "USA"]
[SourceTitle "CBM 197 Extra"]
[Source "ChessBase"]
[SourceDate "2020.09.30"]
[SourceVersion "1"]
[SourceVersionDate "2020.09.30"]
[SourceQuality "1"]

1. e4 e5 2. Nf3 Nc6 3. Bb5 a6 4. Ba4 Nf6 5. 0-0 Be7 6. d4 exd4 7. Re1 0-0 8. e5 Nd5 9. Nxd4 Nb6 10. Bb3 Nxd4 11. Qxd4 d6 12. exd6 Qxd6 13. Qxd6 Bxd6 14. Nc3 Bf5 15. Be3 Rad8 16. Rad1 h6 17. h3 Rfe8 18. Ne2 Bg6 19. Nf4 Bxf4 20. Bxf4 Rxd1 21. Rxd1 c6 22. c3 Kh7 23. Be3 Nc8 24. Rd7 Re7 25. Rd8 Bf5 26. g4 Rd7 27. Rxc8 Rd1+ 28. Bxd1 Bxc8 29. Bc2+ g6 30. Kh2 Kg7 31. Bd4+ f6 32. f4 g5 33. Kg3 Kf7 34. Bb3+ Kg7 35. h4 Bd7 36. hxg5 hxg5 37. fxg5 Kg6 38. gxf6 c5 39. f7 1-0

[Event "Titled Tuesday intern op 12th May"]
[Site "Chess.com INT"]
[Date "2020.05.12"]
[Round "3"]
[White "Akopian, Robert"]
[Black "Weinstein, Norman"]
[Result "1-0"]
[WhiteElo "2009"]
[BlackElo "2450"]
[PlyCount "75"]
[EventDate "2020.05.12"]
[EventType "swiss (blitz)"]
[EventRounds "10"]
[EventCountry "USA"]
[SourceTitle "EXT 2021"]
[Source "ChessBase"]
[SourceDate "2020.10.23"]
[SourceVersion "1"]
[SourceVersionDate "2020.10.23"]
[SourceQuality "1"]

1. e4 c6 2. d4 d6 3. Nc3 Nf6 4. f4 Qa5 5. Bd3 e5 6. Nf3 Bg4 7. Be3 Nbd7 8. 0-0 Be7 9. h3 Bxf3 10. Qxf3 0-0 11. Ne2 c5 12. d5 exf4 13. Bxf4 b5 14. Ng3 Ne8 15. Nf5 Qd8 16. Qg3 c4 17. Be2 Ne5 18. Bxe5 dxe5 19. Nh6+ Kh8 20. Nxf7+ Rxf7 21. Rxf7 Bf6 22. Bg4 Nd6 23. Rd7 Qb6+ 24. Kh1 Nxe4 25. Qf3 Nf2+ 26. Kh2 e4 27. Qf5 e3 28. Re1 Rf8 29. Qe6 Bd4 30. Rf7 Qb8+ 31. d6 Rg8 32. Qe7 Bc5 33. Qb7 Qxd6+ 34. g3 h6 35. Qd7 Qe5 36. Rf5 Qxb2 37. Qe6 Qxc2 38. Rh5 1-0

[Event "Titled Tuesday intern op 12th May"]
[Site "Chess.com INT"]
[Date "2020.05.12"]
[Round "10"]
[White "Weinstein, Norman"]
[Black "Batsaikhan, Tserendori"]
[Result "0-1"]
[WhiteElo "2450"]
[BlackElo "2283"]
[PlyCount "112"]
[EventDate "2020.05.12"]
[EventType "swiss (blitz)"]
[EventRounds "10"]
[EventCountry "USA"]
[SourceTitle "EXT 2021"]
[Source "ChessBase"]
[SourceDate "2020.10.23"]
[SourceVersion "1"]
[SourceVersionDate "2020.10.23"]
[SourceQuality "1"]

1. e4 c6 2. d3 d5 3. Nd2 Nf6 4. Ngf3 Bg4 5. Be2 e6 6. c3 Be7 7. 0-0 0-0 8. Re1 Qc7 9. Qc2 Rd8 10. e5 Ne8 11. d4 Nd7 12. Bd3 Nf8 13. h3 Bh5 14. Nh2 c5 15. dxc5 Bxc5 16. Nb3 Be7 17. Nd4 a6 18. Nf1 b5 19. Ng3 Bg6 20. f4 Bh4 21. Kh2 Rac8 22. Qe2 Bxd3 23. Qxd3 f5 24. exf6 Nxf6 25. Nxe6 Nxe6 26. Rxe6 Qf7 27. Re5 d4 28. cxd4 Nd5 29. f5 Bf6 30. Qe4 Nb4 31. Bf4 Bxe5 32. Bxe5 Nc6 33. Rf1 Qd5 34. Rf4 Qxe4 35. Nxe4 Rd5 36. Ng5 Nxe5 37. dxe5 Rxe5 38. Rf2 Rec5 39. Ne6 Rc2 40. Rf3 Rxb2 41. Rg3 g6 42. fxg6 hxg6 43. Rxg6+ Kf7 44. Rh6 Rcc2 45. Nf4 Rxa2 46. Kg3 b4 47. Kg4 b3 48. Rb6 b2 49. h4 Ra1 50. Rb7+ Kf6 51. Rb6+ Ke5 52. Nd3+ Ke4 53. Nxb2 Rxg2+ 54. Kh5 Ra5+ 55. Kh6 Rb5 56. Re6+ Kf5 0-1

[Event "Titled Tuesday intern op 5th May"]
[Site "Chess.com INT"]
[Date "2020.05.05"]
[Round "2"]
[White "Weinstein, Norman"]
[Black "Dutta, Joydeep"]
[Result "1-0"]
[WhiteElo "2450"]
[BlackElo "2101"]
[PlyCount "119"]
[EventDate "2020.05.05"]
[EventType "swiss (blitz)"]
[EventRounds "10"]
[EventCountry "USA"]
[SourceTitle "EXT 2021"]
[Source "ChessBase"]
[SourceDate "2020.10.23"]
[SourceVersion "1"]
[SourceVersionDate "2020.10.23"]
[SourceQuality "1"]

1. e4 e5 2. Nf3 Nc6 3. Bb5 a6 4. Ba4 Nf6 5. 0-0 Be7 6. d4 b5 7. dxe5 Nxe4 8. Bb3 0-0 9. Bf4 Rb8 10. Re1 Nc5 11. Bd5 Ne6 12. Bg3 Bb7 13. Nc3 Na5 14. h3 Bxd5 15. Nxd5 Nc4 16. b3 Nb6 17. Ne3 d6 18. exd6 Bxd6 19. Bxd6 Qxd6 20. Qxd6 cxd6 21. Rad1 Rfd8 22. Nf5 d5 23. Ne7+ Kf8 24. Nc6 Rbc8 25. Nxd8 Rxd8 26. Nd4 Nxd4 27. Rxd4 Rc8 28. Re2 Rc3 29. Kf1 g6 30. Ke1 a5 31. a3 a4 32. Kd2 Rc6 33. Rb4 Rc5 34. Re3 axb3 35. cxb3 Rc6 36. Rxb5 Rd6 37. a4 Kg7 38. a5 Nd7 39. b4 Kf6 40. Rb7 d4 41. Rf3+ Ke6 42. b5 Ne5 43. a6 Nc4+ 44. Kd3 Ne5+ 45. Kd2 Nc4+ 46. Kc1 d3 47. Re3+ Kf6 48. Kd1 Nb2+ 49. Kd2 Nc4+ 50. Kd1 Nb2+ 51. Kd2 Nc4+ 52. Kc3 d2 53. Rf3+ Kg5 54. h4+ Kh5 55. g4+ Kxg4 56. Rg3+ Kxh4 57. Rg1 d1Q 58. Rxd1 Rxd1 59. Kxc4 Rc1+ 60. Kd5 1-0